Ekonómia ako humanistická disciplína
Rozvoj ekonómie ako vedy, počas jedného storočia, podľa fyzikálnych a matematických modelov. Tri postoje "whigov". Prvoradosť ľudského kapitálu. Od socializmu ku kapitalizmu. Tri slobody v jednej. Úloha ekonómie v súčasnosti.
Guardado en:
| Autor principal: | |
|---|---|
| Otros Autores: | |
| Formato: | Capítulo de libro |
| Lenguaje: | eslovaco |
| Materias: | |
| Etiquetas: |
Sin Etiquetas, Sea el primero en etiquetar este registro!
|
MARC
| LEADER | 00000naa a2200000 4500 | ||
|---|---|---|---|
| 001 | r033297 | ||
| 005 | 20230929092755.6 | ||
| 041 | 0 | |a slo | |
| 044 | |a SK | ||
| 245 | 1 | 0 | |a Ekonómia ako humanistická disciplína |c Michael Novak ; [zostavil] Ján Lisý |
| 520 | |a Rozvoj ekonómie ako vedy, počas jedného storočia, podľa fyzikálnych a matematických modelov. Tri postoje "whigov". Prvoradosť ľudského kapitálu. Od socializmu ku kapitalizmu. Tri slobody v jednej. Úloha ekonómie v súčasnosti. | ||
| 610 | 2 | 0 | |a ekonómia |
| 610 | 2 | 0 | |a ekonómovia |
| 610 | 2 | 0 | |a socializmus |
| 610 | 2 | 0 | |a kapitalizmus |
| 610 | 2 | 0 | |a kapitál ľudský |
| 610 | 2 | 0 | |a sloboda |
| 610 | 2 | 0 | |a humanizmus |
| 100 | 1 | |a Novak, Michael | |
| 700 | 1 | |a Lisý, Ján | |